| 000 | 01258nam2a22002411 4500 | ||
|---|---|---|---|
| 001 | rc\3551219 | ||
| 005 | 20250610020741.0 | ||
| 021 |
_aRU _bРг207-71 |
||
| 035 | _a(NLR Aleph) 007638202 | ||
| 090 |
_a6097369 _c6097369 |
||
| 100 | _a20130115d1969 |||y0rusy50 ca | ||
| 101 | 0 | _arus | |
| 102 | _aRU | ||
| 105 | _ay z ||||| | ||
| 200 | 1 | _a... 27-29 мая 1969 г. | |
| 210 |
_d1969 _aБ. м. |
||
| 215 | _a7 с. | ||
| 461 | 0 |
_1001rc\3551218 _12001#$aПротокол... [заседания Всесоюзного ученого совета по проблеме использования пентозансодержащего сырья при АН Латвийской ССР...]$v... № 19 _96097360 _aВсесоюзный ученый совет по проблеме использования пентозансодержащего сырья (Рига) _cРига _d[1969] _nБ. и. _tПротокол... [заседания Всесоюзного ученого совета по проблеме использования пентозансодержащего сырья при АН Латвийской ССР...] _v... № 19 |
|
| 801 | 0 |
_aRU _bNLR _gpsbo |
|
| 801 | 1 |
_aRU _bELAR _2rusmarc |
|
| 852 |
_aNLR _j70-4/18192 |
||
| 942 | _cBOOK | ||
| 980 | _aNB | ||